00677nam a2200193Ia 4500003000900000008004100009040001600050080001500066100002300081245008700104260003500191300001500226490006000241650004100301650002800342942000700370999001500377952009100392IN-BaIIA211028s9999 xx 000 0 eng d cIIA Library a521.1bPIN aPines, David94049 4aThe many-body problemcDavid Pines  aNew YorkbW. A. Benjaminc1962 axii, 457p. aFrontiers in physics: a lecture note and reprint series aAstronomy and astrophysics thesaurus aMany-body problem91542 cBK c2250d2250 00104070aBANbBANcGENd0000-00-00l0o521.1/ PINp2520r2021-11-05w0000-00-00yBK